| 000 | 00770nam a22001937a 4500 | ||
|---|---|---|---|
| 999 |
_c4787 _d4787 |
||
| 003 | AR-CdUCM | ||
| 008 | 190311b ||||| |||| 00| 0 spa d | ||
| 020 | _a84-7232-551-2 | ||
| 040 |
_aMUNICIPALIDAD PROVINCIAL DEL CUSCO _cBIBLIOTECA MUNICIPAL DEL CUSCO |
||
| 082 |
_a868.6 / _bG73 |
||
| 100 |
_aVillan Javier _914787 |
||
| 245 |
_aGonzalo Torrente Ballester : _bLa semana de autor sobre Gonzalo Torrente Ballester tuvo lugar en el centro cultural del instituto de cooperación iberoamericana de Buenos Aires del 12 al 15 de septiembre de 1988 / |
||
| 260 |
_aMadrid : _bCultura Hispanica, _c1990. |
||
| 300 |
_a123 paginas ; _c24cm. |
||
| 500 | _aInstituto de cooperación iberoamericana | ||
| 700 |
_aCorazón, Alberto _97739 |
||
| 942 |
_2ddc _cLIBROS |
||
| 945 | _apjha | ||